Pocket activity fun and games art / (Record no. 49527)
| 000 -LEADER | |
|---|---|
| fixed length control field | 00321nam a2200121 4500 |
| 020 ## - INTERNATIONAL STANDARD BOOK NUMBER | |
| International Standard Book Number | 9781438004457 |
| 100 ## - MAIN ENTRY--PERSONAL NAME | |
| Personal name | Thomson, Ruth |
| 245 ## - TITLE STATEMENT | |
| Title | Pocket activity fun and games art / |
| Statement of responsibility, etc | Ruth Thomson |
| 260 ## - PUBLICATION, DISTRIBUTION, ETC. (IMPRINT) | |
| Place of publication, distribution, etc | North America |
| Name of publisher, distributor, etc | Barron's |
| Date of publication, distribution, etc | 2014 |
| 300 ## - PHYSICAL DESCRIPTION | |
| Extent | 96 p. |
| Other physical details | col. ill. |
| Dimensions | 21 cm. |
| 650 ## - SUBJECT ADDED ENTRY--TOPICAL TERM | |
| Topical term or geographic name as entry element | Arts |
| 9 (RLIN) | 992 |
| 942 ## - ADDED ENTRY ELEMENTS (KOHA) | |
| Source of classification or shelving scheme | |
| Koha item type | Book |
| Withdrawn status | Lost status | Source of classification or shelving scheme | Damaged status | Not for loan | Collection code | Home library | Current library | Shelving location | Date acquired | Total Checkouts | Full call number | Barcode | Checked out | Date last seen | Date checked out | Price effective from | Koha item type |
|---|---|---|---|---|---|---|---|---|---|---|---|---|---|---|---|---|---|
| Non-Fiction | Asian Hope Primary Library | Asian Hope Primary Library | Non Fiction | 09/08/2025 | 4 | 793.73 THO | 208841 | 05/05/2026 | 04/28/2026 | 04/28/2026 | 09/08/2025 | Book |